Histoire du drapeau du Cambodge - Statistiques

Statistiques générales
  • Ce quiz a été pris 74 fois
    5 depuis la dernière actualisation
  • Le résultat moyen est 6 sur 12
Statistiques - réponses
Hint Réponse % Correct
Drapeau de l'occupation japonaise de l'Indochine (1940-1945)
100%
Indochine française (1887-1940 et 1945-1953)
100%
Autorité provisoire des Nations unies au Cambodge (1992-1993)
80%
Empire khmer (802-1431) et Cambodge post-Angkorien (1431-1863)
60%
République populaire de Kampuchéa (1979-1989)
60%
Royaume du Cambodge (1953-1970)
40%
Cambodge (drapeau actuel depuis 1993)
40%
Drapeau de l'occupation japonaise du Cambodge (1945)
40%
État du Cambodge (1989-1992)
20%
République khmère (1970-1975)
20%
Kampuchéa démocratique (1975-1979)
20%
Protectorat français du Cambodge (1863-1887)
0%
Aucun quiz correspondant
Distribution des résultats
% des personnes avec chaque résultat
Percentile par nombre de réponses
Votre historique - résultats
Vous n’avez pas pris ce quiz depuis la dernière actualisation